00411nam a22000857a 4500999001700000008004100017100001700058245011800075952013200193 c16422d16422170706b xxu||||| |||| 00| 0 eng d aKemei Salome aThe impact of micro finance on women empowerment in Uasin Gishu county, a case study of Illula Women Organization 00102lcc70932328aKABUbKABUd2017-07-06l5p027314r2021-07-05 00:00:00s2021-07-05w2017-07-06yTHEzundergraduate project